000 00435nam a22001697a 4500
005 20180811125409.0
008 160625b xxu||||| |||| 00| 0 eng d
020 _a81-8054-450-8
041 _aeng
082 _b9936
_a658.31243
100 _aLynton, Rolf P and Pareek, Udai
_94772
245 _aTraining for Organizational Transformation
260 _bSage
_c2000
300 _a407p,
650 _aManagement
_9241
942 _cBK
999 _c3898
_d3897